Statistics for Where do they come from? - Nottingham Forest 23/24

Click here to take the quiz!

General Stats

  • This quiz has been taken 12 times
  • The average score is 20 of 27

Answer Stats

#PlayerSigned fromYear% Correct
27Divock OrigiAC Milan2023
100%
20Giovanni ReynaBorussia Dortmund2024
100%
21Anthony ElangaManchester United2023
100%
23Odysseas VlachodimosSL Benfica2023
100%
1Matt TurnerArsenal2023
92%
3Nuno TavaresArsenal2023
92%
18FelipeAtlético Madrid2023
92%
14Callum Hudson-OdoiChelsea2023
92%
11Chris WoodNewcastle2023
92%
29Gonzalo MontielSevilla2023
92%
30Willy BolyWolverhampton Wanderers2022
92%
10Morgan Gibbs-WhiteWolverhampton Wanderers2022
92%
8Cheikhou KouyatéCrystal Palace2022
83%
7Neco WilliamsLiverpool2022
83%
6Ibrahim SangaréPSV Eindhoven2023
83%
19Moussa NiakhatéMainz 052022
67%
43Ola AinaTorino2023
67%
16Nicolás DomínguezBologna2023
58%
32Andrew OmobamideleNorwich City2023
58%
28DaniloPalmeiras2023
58%
9Taiwo AwoniyiUnion Berlin2022
58%
-Harry ArterBournemouth2020
50%
13Wayne HennesseyBurnley2022
50%
15Harry ToffoloHuddersfield Town2022
50%
40MurilloCorinthians2023
42%
37Rodrigo RibeiroSporting2024
42%
26Matz SelsStrasbourg2024
42%

Score Distribution

Percentile by Number Answered

Percent of People with Each Score

Your Score History

You have not taken this quiz